| 000 | 01052nam a2200205Ia 4500 | ||
|---|---|---|---|
| 003 | Ost | ||
| 005 | 20260507075637.0 | ||
| 008 | 260507s9999||||xx |||||||||||||| ||und|| | ||
| 040 | _cfsecg | ||
| 041 | _aara | ||
| 082 | _a341.75 | ||
| 100 |
_aشيحة، مصطفى رشدي _eمؤلف |
||
| 245 | 0 |
_aالمعاملات الإقتصادية الدولية : _bدراسة في الإقتصاد الدولي من منظور اقتصاديات السوق والتحرر الإقتصادي / _c مصطفى رشدي شيحة |
|
| 260 |
_aالإسكندرية: _bدار الجامعة الجديدة للنشر, _c1998 |
||
| 300 |
_a151 صفحة؛ _bإيضاحات ؛ _c24 سم |
||
| 520 | _aالسوق الدولية- النظريات والسياسات التجارية- النظريات المفسرة للتجارة العالمية- السياسات التجارية الدولية- النظام الدولي للتجارة العالمية | ||
| 653 | _aاقتصاديات السوق | ||
| 653 | _aالإقتصاد الدولي | ||
| 942 | _cكتاب | ||
| 999 |
_c45328 _d45328 |
||